Farbenie modifikovaných polypropylénových vlákien vyťahovacím postupom

Salvato in:
Dettagli Bibliografici
Autore principale: Bolhová, Eva
Natura: Libro
Lingua:slovacco
Pubblicazione: Bratislava STU FCHPT 2009
Accesso online:Visualizza in OPAC
Tags: Aggiungi Tag
Nessun Tag, puoi essere il primo ad aggiungerne!!

MARC

LEADER 00000nam a2200000 a 4500
005 20260127134319.0
008 110127 2009 xo 000 0 slo d
035 |a vtls010206863 
039 9 |y 201101271138  |z mschk03 
040 |a STUSCHK1  |b slo  |c STUSCHK1  |e AACR2 
100 1 |a Bolhová, Eva 
245 1 |a Farbenie modifikovaných polypropylénových vlákien vyťahovacím postupom  |c Eva Bolhová 
260 |a Bratislava  |b STU FCHPT  |c 2009 
300 |a 120 s.  |b il.  |c 30 cm 
500 |a Dizertačná práca 
500 |a Obháj.: 23.9. 2009 
500 |a Fakulta chemickej a potravinárskej technológie, Odd. environmentálného inžinierstva 
500 |a Študijný odbor: technológia makromolekulových látok 
910 |a SCHK95 
999 |c 9548  |d 9548